| 000 | 02951nam0a2200361 4500 | ||
|---|---|---|---|
| 001 | RU\NLR\BIBL_A\012103780 | ||
| 005 | 20260407015331.0 | ||
| 035 | _a(NLR Aleph) 012103780 | ||
| 090 |
_a11920718 _c11920718 |
||
| 100 | _a20190930d1915 |||y0rusy50 ca | ||
| 101 | 0 | _arus | |
| 102 | _aRU | ||
| 105 | _ay|||z|||000zy | ||
| 200 | 1 |
_aОб увеличении строительной стоимости 2-го пути на участках Иркутск - Байкал и Танхой - Карымская, Забайкальской железной дороги, на 1.099.864 руб. и о разрешении расходовать часть этой суммы в размере 500.000 руб., занесенному к условному отпуску по § 2 сметы чрезвычайных расходов Министерства путей сообщения на 1916 год _eна законодательное рассмотрение _fМинистерство путей сообщения, Управление железных дорог, Технический отдел, III Делопроизводство, 18 октября 1915 года № 27995 |
|
| 210 |
_aПетроград _cТипография Министерства путей сообщения (Товарищество И.Н. Кушнерев и К°) _d1915 |
||
| 215 |
_a8 с. _d35 |
||
| 300 | _aПод текстом: подписал: Министр путей сообщения, статс-секретарь С. Рухлов. Скрепил: начальник Управления Ив. Борисов | ||
| 309 | _aБез тит. л. и обл. | ||
| 601 | 0 | 1 |
_aРоссия _bМинистерство путей сообщения _jДокументы и материалы _92389826 _3RU\NLR\AUTH\6601645714 |
| 601 | 0 | 2 |
_aЗабайкальская железная дорога _jДокументы и материалы _91067273 _3RU\NLR\AUTH\66415053 |
| 606 | 1 |
_aЖелезные дороги _jДокументы и материалы _xСтроительство _yРоссия _92186207 _3RU\NLR\AUTH\6601550583 |
|
| 686 | 3 | _aУ37(28)0-212.113,011 | |
| 686 | 3 | _aУ37(28)2,011 | |
| 686 | 3 | _aУ31(28)537.2,011 | |
| 702 | 1 |
_4720 _7ca _8rus _aРухлов _bС. В. _f1852-1918 _gСергей Васильевич _9197465 _3RU\NLR\AUTH\770197516 |
|
| 702 | 1 |
_4570 _aБорисов _bИ. Н. _cгос. деятель, инженер-железнодорожник _f1860-1928 _gИван Николаевич _9172542 _3RU\NLR\AUTH\770172593 |
|
| 712 | 0 | 1 |
_4570 _aРоссия _bУправление железных дорог _bТехнический отдел _3RU\NLR\AUTH\889954252 _9404469 |
| 712 | 0 | 2 |
_4570 _aЗабайкальская железная дорога _cдо 1917 г. _3RU\NLR\AUTH\8810003842 _9504966 |
| 852 |
_aNLR _j18.394.1.87 |
||
| 942 | _cBOOK | ||
| 980 | _aNB | ||